The Beatles - 'Baby You're a Rich Man' Lyrics - Statistics

General Stats
  • This quiz has been taken 12 times
  • The average score is 160 of 202
Answer Stats
Answer % Correct
a
100%
Baby
100%
do
100%
man
100%
rich
100%
to
100%
you
100%
You
100%
your
100%
you're
100%
You're
100%
be
90%
in
90%
it
90%
the
90%
too
90%
What
90%
what
90%
bag
80%
big
80%
does
80%
feel
80%
How
80%
money
80%
of
80%
one
80%
people
80%
thing
80%
all
70%
beautiful
70%
brown
70%
E
70%
know
70%
want
70%
when
70%
can
60%
keep
60%
that
60%
there
60%
who
60%
zoo
60%
And
50%
are
50%
have
50%
inside
50%
Now
50%
see
50%
were
50%
as
40%
did
40%
far
40%
Far
40%
doesn't
30%
eye
30%
going
30%
been
20%
enough
20%
show
20%
travelled
20%
very
20%
way
20%
Happy
10%
natural
10%
Nothing
10%
often
10%
Often
10%
Tuned
10%
you've
10%
another
0%
found
0%
key
0%
play
0%
No matching quizzes found
Score Distribution
Percent of People with Each Score
Percentile by Number Answered
Your Score History
You have not taken this quiz